00378nam a2200181Ia 4500003000900000008004100009040001300050040001300063041000800076100002200084245003100106250001000137260001300147260000900160300001100169300001000180490000600190IT-RoPAU120407s9999 xx 000 0 und d aIT-RoPAU cIT-RoPAU aita aGabirele Roschini aL’Immacolata Concezione  aRoma  aMarianum c1965 a372 p. c23 cm v1